002280000a2200061000450024501040000030000480010477300140015210aDos años después... La Procuraduría sancionó 28 personas por la fuga del capo Pablo Escobar aVol. 49, Num. 49 (Julio, 1994), Página 140 tCambio 16